Ретроспектива процесса урбанизации во Вьетнаме и взгляд в будущее; Научная инициатива иностранных студентов и аспирантов российских вузов

Detaylı Bibliyografya
Parent link:Научная инициатива иностранных студентов и аспирантов российских вузов.— 2011.— [С. 436-438]
Yazar: Та Хоай Нам
Diğer Yazarlar: Коченихина Д. Н. (научный руководитель)
Özet:Заглавие с экрана.
Электронная версия печатной публикации
Dil:Rusça
Baskı/Yayın Bilgisi: 2011
Konular:
Online Erişim:http://www.lib.tpu.ru/fulltext/v/Conferences/2011/K04/114127.pdf
Materyal Türü: MixedMaterials Elektronik Kitap Bölümü
KOHA link:https://koha.lib.tpu.ru/cgi-bin/koha/opac-detail.pl?biblionumber=214052

MARC

LEADER 00000naa2a2200000 4500
001 214052
005 20260115163640.0
035 |a (RuTPU)RU\TPU\book\233900 
035 |a RU\TPU\book\233177 
090 |a 214052 
100 |a 20120419d2011 k y0rusy50 ca 
101 0 |a rus 
102 |a RU 
135 |a drnn ---uucaa 
181 0 |a i  
182 0 |a b 
200 1 |a Ретроспектива процесса урбанизации во Вьетнаме и взгляд в будущее  |f Та Хоай Нам  |g науч. рук. Д. Н. Коченихина 
203 |a Текст  |c электронный 
215 |a 1 файл (406 Кб) 
300 |a Заглавие с экрана. 
300 |a Электронная версия печатной публикации 
337 |a Adobe Reader 
463 1 |0 (RuTPU)RU\TPU\book\227679  |t Научная инициатива иностранных студентов и аспирантов российских вузов  |o сборник докладов IV Всероссийской научно-практической конференции, Томск, 19-21 мая 2011 г.  |f Ассоциация иностранных студентов в России (АИС) ; Национальный исследовательский Томский политехнический университет (ТПУ), Институт международного образования и языковой коммуникации (ИМОЯК)  |v [С. 436-438]  |d 2011 
610 1 |a урбанизация 
610 1 |a развитие 
610 1 |a градостроительство 
610 1 |a города 
610 1 |a электронный ресурс 
700 0 |a Та Хоай Нам 
702 1 |a Коченихина  |b Д. Н.  |4 727 
801 1 |a RU  |b 63413507  |c 20120301 
801 2 |a RU  |b 63413507  |c 20130131  |g RCR 
856 4 |u http://www.lib.tpu.ru/fulltext/v/Conferences/2011/K04/114127.pdf 
942 |c CF